| 000 | 00550nam a2200169Ia 4500 | ||
|---|---|---|---|
| 008 | 230925s9999||||xx |||||||||||||| ||und|| | ||
| 082 | _a621.31 KHA | ||
| 100 |
_aKhan, Salman (328964) _9118262 |
||
| 245 | 0 | _aEffect of Temperature and Water on the Aging Characteristics of Novel High Voltage Polyamide Nanocomposite insulators / | |
| 260 |
_bUSPCAS-E, NUST,Islamabad : _c2023 |
||
| 300 | _axii, 61 p. | ||
| 520 | _aTH-482 | ||
| 650 |
_vMS Thesis _918721 |
||
| 650 | _vMS-EEP Thesis | ||
| 700 |
_aDr. Abraiz Khattak _9117724 |
||
| 942 |
_cTHE _2ddc |
||
| 999 |
_c603229 _d603229 |
||